000 01242nam a2200409 a 4500
003 AR-BaBNM
005 20251128204737.0
008 082120s2002 ||||||||||||||000 | spa||
020 _a968-16-2501-3
040 _cAR-BaBNM
100 1 _aSilver, Larry B.
245 0 0 _aEl niño incomprendido
_bguía para padres de niños con dificultades de aprendizaje
250 _a1ª ed.
260 _aMéxico, D.F.
_bFondo de Cultura Económica
_c1988
300 _a178 p.
490 0 _aBiblioteca de psicología y psicoanálisis
_vv. 26
500 _aIncluye direcciones de organizaciones de padres y profesionales.
500 _aTraducción de Eduardo Guerrero
650 4 _aPSICOLOGIA DEL NIÑO
650 4 _aDIFICULTADES EN EL APRENDIZAJE
650 4 _aDESARROLLO DEL NIÑO
650 4 _aPADRES
650 4 _aFAMILIA
650 4 _aNIÑOS
650 4 _aPROBLEMAS EMOCIONALES
650 4 _aPROBLEMAS SOCIALES
650 4 _aADOLESCENCIA
650 4 _aCONFLICTOS FAMILIARES
650 4 _aASESORAMIENTO FAMILIAR
650 4 _aEVALUACION
650 4 _aTERAPIA
653 _aLEGISLACION EDUCATIVA
700 1 _aGuerrero, Eduardo
_etraductor
800 1 _aDe la Fuente, Ramón
_edirector
942 _cBK
998 _cSOLE
999 _c8653
_d8653